000 00330nam a22001337a 4500
008 170707b xxu||||| |||| 00| 0 eng d
020 _a9780314264824
041 _aeng
080 _a05
100 _a22
101 _aGJL
245 _aSUCCESSFUL LEGAL ANLYSIS AND WRITING THE FUNDAMENTALS
_cCLARY.B.G
942 _2udc
_cBK
999 _c20032
_d20032